| 000 | 00506nam a22001577a 4500 | ||
|---|---|---|---|
| 008 | 230529b |||||||| |||| 00| 0 eng d | ||
| 040 |
_aNational Science Library _cNational Science Library |
||
| 080 |
_a574 _bN4 |
||
| 245 |
_aEco-Fragile aravallis of Rajasthan Haryana and Delhi: _bProblems and perspectives |
||
| 260 |
_aNew Delhi: _bAgricultural finance corporation Ltd., _c1994 |
||
| 300 | _a249p. | ||
| 490 | _aStatus report | ||
| 650 | _aGeography | ||
| 653 | _aAravallis | ||
| 942 |
_2udc _cBK |
||
| 999 |
_c35959 _d35959 |
||